Countries that are the most charitable - Statistics

General Stats
  • This quiz has been taken 279 times
  • The average score is 9 of 15
Answer Stats
WGI Ranking Country % Correct
#1 United States of America
98%
#6 United Kingdom
94%
#2 (equal) Canada
92%
#7 Australia
89%
#11 Norway
88%
#2 (equal) New Zealand
81%
#5 Ireland
71%
#12 (equal) Switzerland
71%
#8 Netherlands
70%
#15 Austria
67%
#9 Qatar
27%
#12 (equal) Malta
19%
#2 (equal) Myanmar
8%
#14 Libya
7%
#10 Sri Lanka
7%
No matching quizzes found
Score Distribution
Percent of People with Each Score
Percentile by Number Answered
Your Score History
You have not taken this quiz